| 000 | 00680nam a22002177a 4500 | ||
|---|---|---|---|
| 005 | 20250227165236.0 | ||
| 008 | 241123b ||||| |||| 00| 0 eng d | ||
| 040 | _cAL | ||
| 041 | _aeng | ||
| 082 |
_223 _a378.14 _bSTAL |
||
| 100 |
_aSt Aloysius College _9202916 |
||
| 245 | _aSt Aloysius College (Autonomous) Mangaluru: Annual Report 2018-2019 | ||
| 260 |
_aMangalore _bSt Aloysius College _c2019 |
||
| 300 |
_a247p. _bPB _c27x21cm. |
||
| 650 |
_aCollege Day-139 _9186184 |
||
| 650 |
_aHigher Education _9186185 |
||
| 650 |
_aSt Aloysius College (Autonomous) Mangalore _9202917 |
||
| 650 |
_aSamrakshana _9186193 |
||
| 700 |
_aST ALOYSIUS COLLEGE _9186186 |
||
| 942 |
_2ddc _cDB |
||
| 999 |
_c231969 _d231969 |
||